01413 a2200193 4500003000500000005001700005020001500022040000900037082001500046100002300061245007600084260003800160300000900198505081500207650002901022942002401051999001901075952012501094Nust20221121084033.0 a8173195889 cNust a515.35,DIF aBahuguna.D9103214 aDifferential equations and dynamical systems / cEdited by D . Bahuguna aNew DelhibNarosa pub Housec2005 a227p aWavelets And Some Applications (Page-1), Trends In Wavelet Methods For Two Point Boundary Value Problems (Page-15), Stability And Convergence Of Large Scale Stochastic Approximation Procedures Under Markova Structural Perturbation (Page-25 ), Global Correctness Classes Of Functional Solutions (Page-49), A Nonlinear Gas Liquid Sys In Sliding Motion (Page-69), On Certain Exact Solutions Of A Generalized K-Dv-Burger Type (Page-91), Method Of Semidiscretization In Time Nonlinear Retarded Differential Equations (Page-107), Retarded Differential Equations (Page-119), Spectral Methods As Least Squares Problems (Page-127), Finite Elements (Page-149), Spectral Regularization Of A Singularly Perturbed Elliptic Partial Differential Equations (Page-169), Second Order Semi Linear Evolution Equations (Page-179). adynamical system9103215 2ddccBKk515.35,DIF c176989d176989 00102ddc4070aMCSbMCScGENd2016-12-12o515.35,DIFpMCS31751r2016-12-08w2016-12-12yBKzAlmirah No.13, Shelf No. 4